Principles and practices in marketing in the Philippines/ (Record no. 3322)
[ view plain ]
| 000 -LEADER | |
|---|---|
| fixed length control field | 00709nam a22002177a 4500 |
| 003 - CONTROL NUMBER IDENTIFIER | |
| control field | OSt |
| 005 - DATE AND TIME OF LATEST TRANSACTION | |
| control field | 20250701012015.0 |
| 008 - FIXED-LENGTH DATA ELEMENTS--GENERAL INFORMATION | |
| fixed length control field | 250701b |||||||| |||| 00| 0 eng d |
| 020 ## - INTERNATIONAL STANDARD BOOK NUMBER | |
| International Standard Book Number | 9789710596058 |
| 040 ## - CATALOGING SOURCE | |
| Original cataloging agency | DWCL- Main lib |
| Transcribing agency | OC |
| 082 ## - DEWEY DECIMAL CLASSIFICATION NUMBER | |
| Classification number | Fil. 658.859 G573 2017 |
| 100 ## - MAIN ENTRY--PERSONAL NAME | |
| Personal name | Go, Josiah |
| 245 ## - TITLE STATEMENT | |
| Title | Principles and practices in marketing in the Philippines/ |
| Statement of responsibility, etc. | Josiah Go |
| 260 ## - PUBLICATION, DISTRIBUTION, ETC. | |
| Place of publication, distribution, etc. | Quezon City, Philippines: |
| Name of publisher, distributor, etc. | Joshia and Cardina Go. Foundation, |
| Date of publication, distribution, etc. | c2017 |
| 300 ## - PHYSICAL DESCRIPTION | |
| Extent | xiii, 495 pages: |
| Other physical details | illustrations; |
| Dimensions | 25 cm. |
| 504 ## - BIBLIOGRAPHY, ETC. NOTE | |
| Bibliography, etc. note | includes index. |
| 650 ## - SUBJECT ADDED ENTRY--TOPICAL TERM | |
| Topical term or geographic name entry element | 1. . Marketing--Philippines |
| 650 ## - SUBJECT ADDED ENTRY--TOPICAL TERM | |
| Topical term or geographic name entry element | 2. Selling --Philippines |
| 700 ## - ADDED ENTRY--PERSONAL NAME | |
| Personal name | Chiqui Escareal- Go |
| 942 ## - ADDED ENTRY ELEMENTS (KOHA) | |
| Source of classification or shelving scheme | Dewey Decimal Classification |
| Koha item type | Book-Filipiniana |
| Call number prefix | Fil. |
| Suppress in OPAC | No |
| 952 ## - LOCATION AND ITEM INFORMATION (KOHA) | |
| -- | |
| Withdrawn status | Lost status | Source of classification or shelving scheme | Damaged status | Not for loan | Home library | Current library | Shelving location | Date acquired | Source of acquisition | Cost, normal purchase price | Total Checkouts | Full call number | Barcode | Date last seen | Copy number | Price effective from | Koha item type | Uniform Resource Identifier |
|---|---|---|---|---|---|---|---|---|---|---|---|---|---|---|---|---|---|---|
| Dewey Decimal Classification | College Library | College Library | Filipiniana | 04/10/2019 | School Fund | 550.00 | Fil. 658.859 G573 2017 | 51938 | 07/01/2025 | c1 | 07/01/2025 | BK - FIL |